000
00246nam a2200109Ia 4500
008
190216s9999||||xx |||||||||||||| ||und||
100
_a
Walker C J
245
0
_a
Principles Of Cost Accounting
260
_b
Null
_c
1978
300
_a
579p
942
_c
BK
999
_c
4541
_d
4541